<?xml version="1.0" encoding="UTF-8"?>
<record
    xmlns:xsi="http://www.w3.org/2001/XMLSchema-instance"
    xsi:schemaLocation="http://www.loc.gov/MARC21/slim http://www.loc.gov/standards/marcxml/schema/MARC21slim.xsd"
    xmlns="http://www.loc.gov/MARC21/slim">

  <leader>00794nam a22001937a 4500</leader>
  <controlfield tag="003">OSt</controlfield>
  <controlfield tag="005">20131017100336.0</controlfield>
  <controlfield tag="008">130605s2005    sp ||||| |||| 00| 0 gag d</controlfield>
  <datafield tag="020" ind1=" " ind2=" ">
    <subfield code="a">8497504879</subfield>
  </datafield>
  <datafield tag="040" ind1=" " ind2=" ">
    <subfield code="c">CDMR</subfield>
  </datafield>
  <datafield tag="245" ind1=" " ind2=" ">
    <subfield code="a">Radiograf&#xED;a dos diarios galegos</subfield>
    <subfield code="b">: an&#xE1;lise dos contidos textuais e dos aspectos formais</subfield>
    <subfield code="c">edici&#xF3;n a cargo de Xos&#xE9; L&#xF3;pez Garc&#xED;a, Berta Garc&#xED;a Orosa ; autores Xos&#xE9; L&#xF3;pez Garc&#xED;a... [et al.]</subfield>
  </datafield>
  <datafield tag="260" ind1=" " ind2=" ">
    <subfield code="a">Santiago de Compostela</subfield>
    <subfield code="b">Universidade, Servizo de Publicaci&#xF3;ns e Intercambio Cient&#xED;fico</subfield>
    <subfield code="c">2005</subfield>
  </datafield>
  <datafield tag="300" ind1=" " ind2=" ">
    <subfield code="a">325 p.</subfield>
  </datafield>
  <datafield tag="650" ind1="0" ind2="4">
    <subfield code="9">3682</subfield>
    <subfield code="a">Premsa</subfield>
    <subfield code="z">Gal&#xED;cia</subfield>
  </datafield>
  <datafield tag="650" ind1="0" ind2="4">
    <subfield code="9">3098</subfield>
    <subfield code="a">Diaris</subfield>
    <subfield code="x">Compaginaci&#xF3; i composici&#xF3;</subfield>
  </datafield>
  <datafield tag="650" ind1="0" ind2="4">
    <subfield code="9">4097</subfield>
    <subfield code="a">An&#xE0;lisi de contingut (Comunicaci&#xF3;)</subfield>
    <subfield code="x">Seccions, columnes, etc</subfield>
  </datafield>
  <datafield tag="700" ind1="1" ind2=" ">
    <subfield code="9">3683</subfield>
    <subfield code="a">Garc&#xED;a Orosa, Berta</subfield>
  </datafield>
  <datafield tag="942" ind1=" " ind2=" ">
    <subfield code="2">udc</subfield>
    <subfield code="c">MON</subfield>
  </datafield>
  <datafield tag="999" ind1=" " ind2=" ">
    <subfield code="c">6405</subfield>
    <subfield code="d">6405</subfield>
  </datafield>
  <datafield tag="952" ind1=" " ind2=" ">
    <subfield code="0">0</subfield>
    <subfield code="1">0</subfield>
    <subfield code="4">0</subfield>
    <subfield code="7">0</subfield>
    <subfield code="a">CDMR</subfield>
    <subfield code="b">CDMR</subfield>
    <subfield code="d">2013-01-16</subfield>
    <subfield code="l">0</subfield>
    <subfield code="o">Dt 11/20</subfield>
    <subfield code="p">CDMR13066618</subfield>
    <subfield code="r">2013-06-05</subfield>
    <subfield code="w">2013-06-05</subfield>
    <subfield code="y">MON</subfield>
  </datafield>
</record>
